Finish the NPC quote - Statistics

General Stats
  • This quiz has been taken 55 times
  • The average score is 9 of 15
Answer Stats
Hint Answer % Correct
The ______ in the haystack needle
96%
Would you look what the ___ dragged in cat
87%
You ____ ___ who you´re messing with pal dont know
87%
An _____ a day keeps the doctor away apple
83%
Someone´s about to get a ______ sandwich knuckle
83%
The _______ in the rough diamond
72%
Its not about the end its about ___ _______ along the way the journey
61%
The _____ that broke the camel's back straw
59%
You are on ____ ___ pal thin ice
59%
The ____ ___ know more you
46%
Would you look who came ______ ____ crawling back
39%
Nah, I am gonna do __ ___ ____ my own thing
39%
____ you might want to see this guys
35%
Thanks for the roses these _____ _____ smell great
15%
It´s the end of a _______ chapter
11%
No matching quizzes found
Score Distribution
Percent of People with Each Score
Percentile by Number Answered
Your Score History
You have not taken this quiz